Παροιμίες του ροδίτικου λαού : φράσεις και γνώμες
Saved in:
| Main Author: | |
|---|---|
| Format: | Book |
| Language: | Greek |
| Published: |
Αθήνα :
Δημόσια Βιβλιοθήκη Ρόδου,
1993.
|
| Series: | Εκδόσεις Δημόσιας Βιβλιοθήκης Ρόδου ;
v.5 |
| Subjects: | |
| Tags: |
Add Tag
No Tags, Be the first to tag this record!
|
MARC
| LEADER | 00000cam a2200000 i 4500 | ||
|---|---|---|---|
| 001 | 1/81501 | ||
| 008 | 970303s1993 gr | ||| |||| ||gre|| | ||
| 035 | |a 1995 |b 1 |c Δωρεά |l 10033707 | ||
| 040 | |a GR-MyUa |b gre |e AACR2 | ||
| 041 | 0 | |a gre | |
| 082 | 7 | |a 398.0949587 |2 (22) | |
| 100 | 1 | |a Γιαννακάκου-Παπαμανώλη, Λούλα. | |
| 245 | 1 | 0 | |a Παροιμίες του ροδίτικου λαού : |b φράσεις και γνώμες / |c Λούλα Γιαννακάκου-Παπαμανώλη. |
| 260 | |a Αθήνα : |b Δημόσια Βιβλιοθήκη Ρόδου, |c 1993. | ||
| 300 | |a 394 σ. ; |c 24 εκ. | ||
| 490 | 1 | |a (Εκδόσεις Δημόσιας Βιβλιοθήκης Ρόδου ; |v vol.5) | |
| 650 | 0 | |a Proverbs, Greek |z Greece |z Rhodes (Island) | |
| 650 | 0 | |a Language |x Selections |z Greece |z Rhodes (Island) | |
| 830 | 0 | |a Εκδόσεις Δημόσιας Βιβλιοθήκης Ρόδου ; |v v.5 | |
| 852 | |a INST |b RHODES |e 19970303 |h 398.0949587 ΓΙΑ |p 005400007208 |q 005400007208 |t BK |y 0 | ||
| 970 | |z 2000/06/ΟΙΚΟΝΟΜΟΠΟΥΛΟΥ (SUBJECT) | ||